| 000 | 00345nam a2200133Ia 4500 | ||
|---|---|---|---|
| 005 | 20260326235453.0 | ||
| 008 | 260326s9999||||xx |||||||||||||| ||und|| | ||
| 100 | _aBussagli, Mario | ||
| 245 | 0 |
_aOriental Architecture 2 : _b China, Korea and Japan / _cMario Bussagli |
|
| 260 | _bRizzoli | ||
| 300 | _a203 p. | ||
| 650 | _aANTIGUEDAD | ||
| 942 | _cBK | ||
| 999 |
_c7844 _d7844 |
||